| 000 | 00483 a2200181 4500 | ||
|---|---|---|---|
| 001 | 139364 | ||
| 040 | _cLeonardo Da Vinci | ||
| 041 | _aPortuguês | ||
| 082 |
_a923.2 T223h _bT223h |
||
| 100 | _aLUPPI, Carlos Alberto | ||
| 245 |
_aManoel Fiel Filho _bquem vai pagar por este crime? |
||
| 260 |
_bEscrita _c1980 _aSão Paulo |
||
| 300 | _a112 | ||
| 362 | _a19800000 | ||
| 490 | _aDocumento | ||
| 697 |
_aBiografia _aManoel Fiel Filho _aRepressão _aDitadura _aBrasil |
||
| 942 | _cBK | ||
| 999 |
_c139364 _d139364 |
||